The story of the Pakistan Air Force 1988-1998 (Record no. 11135)

000 -LEADER
fixed length control field 00492 a2200157 4500
020 ## - INTERNATIONAL STANDARD BOOK NUMBER
International Standard Book Number 9698553002
082 ## - DEWEY DECIMAL CLASSIFICATION NUMBER
Classification number 358.40095
090 ## - LOCALLY ASSIGNED LC-TYPE CALL NUMBER (OCLC); LOCAL CALL NUMBER (RLIN)
-- 7332
-- 7332
100 ## - MAIN ENTRY--PERSONAL NAME
Personal name Shaheen Foundation
245 ## - TITLE STATEMENT
Title The story of the Pakistan Air Force 1988-1998
Remainder of title A battle against odds
Statement of responsibility, etc. Shaheen Foundation
260 ## - PUBLICATION, DISTRIBUTION, ETC.
Place of publication, distribution, etc. Islamabad (Pakistan)
Name of publisher, distributor, etc. Shaheen Foundation
Date of publication, distribution, etc. 2000
300 ## - PHYSICAL DESCRIPTION
Extent 414 p. ;
Other physical details ill. ;
Dimensions 25 cm.
500 ## - GENERAL NOTE
General note Includes index
650 ## - SUBJECT ADDED ENTRY--TOPICAL TERM
Topical term or geographic name entry element 1. History of Pakistan Air Force.
942 ## - ADDED ENTRY ELEMENTS (KOHA)
Koha item type Book
Call number prefix 358.40095 SHA
Holdings
Withdrawn status Lost status Damaged status Not for loan Permanent Location Current Location Total Checkouts Full call number Barcode Date last seen Date last checked out Price effective from Koha item type
        Central Library (CL) Central Library (CL) 4 358.40095 SHA SEECSD00557 01/24/2019 11/14/2018 11/14/2012 Book
© 2023 Central Library, National University of Sciences and Technology. All Rights Reserved.